Najczęściej zgadywane parki narodowe w Polsce - Statystyki

Ogólne statystyki
  • Ten quiz został rozwiązany 26 razy
  • Średni wynik to 7 z 10
Statystyki odpowiedzi
Procent Park narodowy % Poprawnych
82% Białowieski
100%
87% Tatrzański
96%
62% Karkonoski
83%
73% Biebrzański
78%
74% Ojcowski
70%
68% Kampinoski
65%
74% Bieszczadzki
61%
70% Słowiński
61%
61% Świętokrzyski
61%
68% Woliński
57%
Nie znaleziono quizów pasujących do podanych kryteriów
Rozkład punktacji
Procent ludzi z każdym wynikiem
Percentyl według liczby udzielonych odpowiedzi
Twoja historia wyników
Nie rozwiązałeś tego quizu